Szczegóły MARC21

Gesammelte Gedichte /

003 -Nazwa inst., której nr kontr. jest w polu 001 [,]
    • @
    • Nazwa instytucji, której n kontrolny jest w polu 001
    • NUKAT
005 -DATA I CZAS OSTATNIEJ MODYFIKACJI [,]
    • @
    • pole kontrolne
    • 20241231101522.0
040 -Instytucja sporządzająca opis [ , ]
    • a
    • Instytucja, która sporządziła opis (NP)
    • SZCZ U/KP
    • c
    • Instytucja, która sporządziła rekord (NP)
    • SZCZ U/KPs
942 -Rodzaj dokumentu [ , ]
    • c
    • Rodzaj dokumentu
    • Książka
100 -Hasło główne - nazwa osobowa [1, ]
    • a
    • Nazwa osobowa (NP)
    • Benn, Gottfried
    • d
    • Daty biograficzne (NP)
    • (1886-1956).
    • 9
    • KHW
    • 66798
245 -Strefa tytułu i oznaczenia odpowiedzialności [1,0]
    • a
    • Tytuł
    • Gesammelte Gedichte / Find
    • c
    • Pozostałe elementy strefy tytułu i oznaczenia odpowiedzialności (NP)
    • Gottfried Benn.
250 -Strefa wydania [ , ]
    • a
    • Oznaczenie wydania (NP)
    • 2. Aufl.
260 -Strefa adresu wydawniczego [ , ]
    • a
    • Miejsce wydania (P)
    • Wiesbaden :
    • b
    • Nazwa wydawcy (P)
    • Limes Verlag ;
    • a
    • Miejsce wydania (P)
    • Zürich :
    • b
    • Nazwa wydawcy (P)
    • Verlag der Arche,
    • c
    • Data wydania (P)
    • 1957.
300 -Strefa opisu fizycznego [ , ]
    • a
    • Określenie formy książki i/lub objętość (NP)
    • 369 s. ;
    • c
    • Format (NP)
    • 19 cm.
336 -Typ zawartości [ , ]
    • a
    • Termin opisujący typ zawartości
    • Tekst
    • b
    • Kod określający zawartość
    • txt
    • 2
    • Źródło (terminu i kodu)
    • rdacontent
337 -Typ mediów [ , ]
    • a
    • Tryb odtwarzania
    • Bez urządzenia pośredniczącego
    • b
    • Kod typu mediów
    • n
    • 2
    • Źródło (terminu i kodu)
    • rdamedia
338 -Typ/rodzaj nośnika [ , ]
    • a
    • Hasło opisujące typ nośnika
    • Wolumin
    • b
    • Kod typu nośnika
    • nc
    • 2
    • Źródło (terminu i kodu)
    • rdacarrier
504 -Uwaga dot. bibliogr. załącznikowej [ , ]
    • a
    • Uwaga dot. bibliografii załącznikowej
    • Indeks s. 362-369.
655 -Hasło w funkcji tematu formalnego [ ,7]
    • a
    • Hasło
    • Poezja niemiecka
    • y
    • Określnik chronologiczny
    • 1945-1970.
    • 2
    • Źródło terminu
    • kaba
    • 9
    • KHW
    • 349640
710 -Hasło dodatkowe - nazwa ciała zbiorowego [2, ]
    • a
    • Nazwa ciała zbiorowego lub nazwa geograficzna jako pierwszy element (NP)
    • Limes-Verlag Max Niedermayer (Wiesbaden).
    • 4
    • Kod relacji
    • pbl
    • 9
    • KHW
    • 416084
710 -Hasło dodatkowe - nazwa ciała zbiorowego [2, ]
    • a
    • Nazwa ciała zbiorowego lub nazwa geograficzna jako pierwszy element (NP)
    • Arche Verlag AG, Raabe + Vitali (Zurych).
    • 4
    • Kod relacji
    • pbl
    • 9
    • KHW
    • 416083
Sygnatura Numer inwentarzowy Status udost. Lokalizacja
Germ. PoezjaG.4946-3BM